Loading...
| Fine Arts - Classical Music | 2 | 5 | 0 | 1 | 80 | 55 | 87.71 | 4 | 7 | 31.84 | 55.56 |
| Science - Biology | 1 | 1 | 0 | 0 | 25 | 37 | 67.50 | 2 | 2 | 11.10 | 22.22 |
| Geography | 1 | 1 | 0 | 0 | 25 | 66 | 96.00 | 1 | 2 | 9.77 | 25.00 |
| Fine Arts - Painting and Sculpture | 0 | 2 | 0 | 1 | 20 | 132 | 142.00 | 1 | 2 | 1.73 | 16.67 |
| Literature - Drama | 0 | 2 | 0 | 1 | 20 | 99 | 127.50 | 1 | 2 | 5.40 | 21.43 |
| Short Fiction and Other | 0 | 2 | 0 | 0 | 20 | 98 | 115.00 | 1 | 2 | 8.04 | 25.00 |
| Other Academic | 0 | 2 | 1 | 0 | 15 | 93 | 113.50 | 2 | 2 | 3.79 | 22.22 |
| Literature - Long Fiction | 0 | 1 | 0 | 0 | 10 | 142 | 142.00 | 0 | 1 | 1.02 | 4.55 |
| Fine Arts - Other | 1 | 0 | 1 | 0 | 10 | 17 | 17.00 | 1 | 1 | 6.83 | 7.69 |
| Philosophy | 0 | 1 | 0 | 1 | 10 | 143 | 143.00 | 1 | 1 | 0.15 | 11.11 |
| Social Science | 0 | 0 | 1 | 0 | -5 | 0.00 | 0 | 0 | 0.00 | 0.00 |